000 00684nam a2200217 a 4500
005 20260427163530.0
008 260416s2026##################000#0#eng##
020 _a9780406000408
_qhbk
041 _aeng
082 0 4 _a348.42 ALL(R)
100 _aBridgman.L,G.F
245 1 0 _aThe All England Law Reports Reprint
_bBeing a Selection from the Law Times Reports 1843-1935 ,Revised and Annotated 1921
_cG.F.L Bridgman
260 _aUnited Kingdom
_bButterworth & co. LTD
_c2000
300 _a748P. :
_c22cm.
650 _aLaws, regulations & cases
700 _aOsborne.H.R.D
700 _aSwingland .W.O.M
700 _aKidner .A.G
700 _aPlummer .R.M
942 _cENGLISH
999 _c619552
_d619552